000 00391nam a22001697a 4500
005 20260408112451.0
008 160611b xxu||||| |||| 00| 0 eng d
020 _a9780349104782
041 _aeng
082 _a813.54
100 _aVidal, Gore
_98943
245 _aLive from Golgotha
260 _bAdacus
_c1992
300 _a243
650 _aModern American fiction
_98944
942 _cBK
999 _c2431
_d2430